000 00415nam a2200181Ia 4500
001 2015
005 20260306143811.0
008 260306t2010||||xx |||||||||||||| ||spa||
041 _aESP
082 _a610.9
_bL17
100 _aLaín Entralgo, Pedro,
_eAUT
245 0 _aLa medicina actual
260 _c2010
300 _a367 páginas :
_c21 cm.
650 _aGEN
654 _aCCS
942 _cLIB
_dJUS
_fJUS
_2ddc
_n
999 _c2015
_d2015